Cómputo de votos y declaratorias de elección 2006. Provinia de Puntarenas:alcadías, síndicos(as), concejales de distrito, intendentes y concejales municipales de distrito /
Sábháilte in:
| Údar corparáideach: | |
|---|---|
| Formáid: | Téacs |
| Ábhair: | |
| Clibeanna: |
Cuir clib leis
Níl clibeanna ann, Bí ar an gcéad duine le clib a chur leis an taifead seo!
|
MARC
| LEADER | 00000 a a2200000 04500 | ||
|---|---|---|---|
| 001 | 42828 | ||
| 003 | |||
| 040 | |||
| 110 | |a Costa Rica. Tribunal Supremo de Elecciones | ||
| 245 | |a Cómputo de votos y declaratorias de elección 2006. |b Provinia de Puntarenas:alcadías, síndicos(as), concejales de distrito, intendentes y concejales municipales de distrito / |c Tribunal Supremo de Elecciones de Costa Rica | ||
| 650 | |a ELECCIONES | ||
| 650 | |a SISTEMAS ELECTORALES | ||
| 650 | |a VOTACION | ||
| 650 | |a GOBIERNO LOCAL | ||
| 650 | |a PUNTARENAS | ||
| 773 | |g volumen 6, número1 (2006) | ||
| 999 | |c 23662 |d 23662 | ||
